Proceedings of the IREE.

Bibliographic Details
New Title:Monitor
Previous Title:Proceedings (Institution of Radio and Electronics Engineers (Australia))
Corporate Author: Institution of Radio and Electronics Engineers, Australia
Format: Journal
Language:English
Published: [Sydney] : Institution of Radio and Electronics Engineers Australia, [1972-1975]
Subjects:
Online Availability: Check for online availability

MARC

Tag First Indicator Second Indicator Subfields
LEADER 00000cas a2200000 a 4500
001 in00000090940
005 20151008063829.0
008 781104d19721975at mr p 0uuu 0eng d
022 |a 0314-4313 
035 |a (OCoLC)04347052 
035 |9 AAK3006AM 
040 |a CLU  |c CLU  |d IUL  |d TXA  |d UtOrBLW 
049 |a TXAE 
090 |a TK6540  |b .I45 
240 1 0 |a Proceedings of the IREE (1972) 
245 0 0 |a Proceedings of the IREE. 
264 1 |a [Sydney] :  |b Institution of Radio and Electronics Engineers Australia,  |c [1972-1975] 
300 |a 4 volumes :  |b illustrations ;  |c 28 cm. 
336 |a text  |b txt  |2 rdacontent 
337 |a unmediated  |b n  |2 rdamedia 
338 |a volume  |b nc  |2 rdacarrier 
362 0 |a Vol. 33, no. 1 (Jan. 1972)-v. 36, no. 12 (Dec. 1975) 
650 0 |a Radio  |v Periodicals. 
650 0 |a Electronics  |v Periodicals. 
710 2 |a Institution of Radio and Electronics Engineers, Australia. 
780 0 0 |t Proceedings (Institution of Radio and Electronics Engineers (Australia))  |w (OCoLC)2477647 
785 0 0 |t Monitor  |x 0314-4321  |w (OCoLC)2298034 
999 |a MARS 
999 f f |s 820ccfa9-3c53-3a42-b30b-46cee0d93594  |i 09ebfdbd-d56a-308b-886b-fcf79a8a3950  |t 0 
952 f f |p ric  |a Texas A&M University  |b Rellis Campus  |c Joint Library Facility  |d Remote Storage  |t 0  |e TK6540 .I45  |h Library of Congress classification  |i unmediated -- volume  |k v.35  |l 1974  |m A14833004674 
952 f f |p ric  |a Texas A&M University  |b Rellis Campus  |c Joint Library Facility  |d Remote Storage  |t 0  |e TK6540 .I45  |h Library of Congress classification  |i unmediated -- volume  |k v.34  |l 1973  |m A14833004713 
952 f f |p ric  |a Texas A&M University  |b Rellis Campus  |c Joint Library Facility  |d Remote Storage  |t 0  |e TK6540 .I45  |h Library of Congress classification  |i unmediated -- volume  |k v.33  |l 1972  |m A14833004755 
952 f f |p ric  |a Texas A&M University  |b Rellis Campus  |c Joint Library Facility  |d Remote Storage  |t 0  |e TK6540 .I45  |h Library of Congress classification  |i unmediated -- volume  |k v.36  |l 1975  |m A14833004632 
998 f f |a TK6540 .I45  |s v.33-36 (1972-1975)  |t 0  |l Remote Storage